House price index (Record no. 109372)

MARC details
000 -LEADER
fixed length control field 01366cad a22002295a 4500
001 - CONTROL NUMBER
control field L146951
008 - FIXED-LENGTH DATA ELEMENTS--GENERAL INFORMATION
fixed length control field 090318e20090317xxkd f s f000 0 eng d
035 ## - SYSTEM CONTROL NUMBER
System control number (Sirsi) u146951
041 0# - LANGUAGE CODE
Language code of text/sound track or separate title eng
050 04 - LIBRARY OF CONGRESS CALL NUMBER
Classification number 333.33 $2 18
110 1# - MAIN ENTRY--CORPORATE NAME
Corporate name or jurisdiction name as entry element United Kingdom
Subordinate unit Department for Communities and Local Government
9 (RLIN) 4939
245 00 - TITLE STATEMENT
Title House price index
Remainder of title January 2009
Medium [electronic resource]
260 ## - PUBLICATION, DISTRIBUTION, ETC.
Place of publication, distribution, etc. London
Name of publisher, distributor, etc. DCLG
Date of publication, distribution, etc. 2009
490 #0 - SERIES STATEMENT
Series statement DCLG House Price Index
Volume/sequential designation January 2009
520 ## - SUMMARY, ETC.
Summary, etc. Finds that UK house prices have fallen by 11.5% since January 2008. The mix-adjusted house price was £195,724 (not seasonally adjusted). UK house prices fell by 3.9% in the quarter ending January 2009, compared with a fall of 5.2% in the quarter ending October 2008. Average house prices fell by 6.3% in Scotland, and in England (11.8%); Wales (10.4%) and Northern Ireland (14.3%). Annual average house prices paid by first time buyers in January 2009 were 15.4% lower than a year ago. House prices paid by former owner occupiers were 10.0% lower.
590 ## - LOCAL NOTE (RLIN)
Local note KA NTK
650 24 - SUBJECT ADDED ENTRY--TOPICAL TERM
Topical term or geographic name entry element DCLG HOUSE PRICE INDEX
651 #4 - SUBJECT ADDED ENTRY--GEOGRAPHIC NAME
Geographic name United Kingdom
Chronological subdivision
690 ## - LOCAL SUBJECT ADDED ENTRY--TOPICAL TERM (OCLC, RLIN)
Topical term or geographic name as entry element PROPERTY-RESIDENTIAL PROPERTY-RESIDENTIAL PROPERTY MARKET
856 40 - ELECTRONIC LOCATION AND ACCESS
Uniform Resource Identifier <a href="https://www.communities.gov.uk/publications/corporate/statistics/hpi012009">https://www.communities.gov.uk/publications/corporate/statistics/hpi012009</a>
Public note View the item free of charge online at www.communities.gov.uk...
942 ## - ADDED ENTRY ELEMENTS (KOHA)
Suppress in OPAC 0
Holdings
Withdrawn status Lost status Source of classification or shelving scheme Damaged status Not for loan Home library Current library Shelving location Date acquired Total Checkouts Full call number Barcode Date last seen Copy number Price effective from Koha item type
    Dewey Decimal Classification     Virtual Virtual Online 18/03/2009   ONLINE PUBLICATION 146951-2001 06/08/2019 1 06/08/2019 Book